Statystyki dla Top 10 najbardziej zaludnionych stanów USA

Kliknij tutaj aby rozwiązać quiz!

Ogólne statystyki

  • Ten quiz został rozwiązany 87 razy
  • Średni wynik to 6 z 10

Statystyki odpowiedzi

PopulacjaStan% Poprawnych
39.4 mlnKalifornia
96%
19.4 mlnNowy Jork
90%
29.4 mlnTeksas
88%
21.7 mlnFloryda
86%
11.7 mlnOhio
49%
9.97 mlnMichigan
41%
12.8 mlnPensylwania
40%
12.6 mlnIllinois
38%
10.7 mlnGeorgia
36%
10.6 mlnKarolina Północna
34%

Rozkład punktacji

Percentyl według liczby udzielonych odpowiedzi

Procent ludzi z każdym wynikiem

Twoja historia wyników

Nie rozwiązałeś tego quizu